Fire danger in the supply areas of hydroelectric reservoirs under the restoration process in the south of Minas Gerais, Brazil (Registro n. 338654)
[ somente texto ]
| 000 -LÍDER | |
|---|---|
| fixed length control field | 04173nab a2200349 4500 |
| 003 - CÓDIGO MARC DA AGÊNCIA CATALOGADORA | |
| Campo de controle | BR-BrBNA |
| 005 - DATA E HORA DA ÚLTIMA ATUALIZAÇÃO | |
| Campo de controle | 20251011222150.0 |
| 008 - CAMPO DE TAMANHO FIXO | |
| fixed length control field | 251011b2924 bl.ar|pooa||| 00| 0 eng | |
| 040 ## - FONTE DA CATALOGAÇÃO | |
| Agência catalogadora | BR-BrBNA |
| Idioma da catalogação | por |
| 072 ## - CATEGORIA AGRIS | |
| Código AGRIS | K70 ; T01 ; P06 ; P01 |
| 100 ## - ENTRADA PRINCIPAL - NOME PESSOAL | |
| Nome pessoal | Torres, Fillipe Tamiozzo Pereira |
| 100 ## - ENTRADA PRINCIPAL - NOME PESSOAL | |
| Nome pessoal | Pancieri, Shauanne Dias |
| 100 ## - ENTRADA PRINCIPAL - NOME PESSOAL | |
| Nome pessoal | Santana Neto, Vicente Paulo |
| 100 ## - ENTRADA PRINCIPAL - NOME PESSOAL | |
| Nome pessoal | Rodrigues, Vinicius Barros |
| 245 ## - TÍTULO PRINCIPAL | |
| Título principal | Fire danger in the supply areas of hydroelectric reservoirs under the restoration process in the south of Minas Gerais, Brazil |
| 500 ## - NOTA GERAL | |
| Nota geral | Summaries (En, Pt); 35 ref.; 3 illus.; 2 tables |
| 942 ## - ADDED ENTRY ELEMENTS (KOHA) | |
| Koha item type | Analítica |
| 520 ## - NOTA DE RESUMO | |
| Nota de conteúdo | ABSTRACT - The partial or complete loss of vegetation cover triggers an increase in surface runoff, erosion, and sedimentation of water bodies, including reservoirs for hydroelectric power generation,<br/>reducing their life expectancy. To control or mitigate this issue, ecological restoration interventions should prioritize the recovery of areas most vulnerable to these processes, such as springs. Conversely, wildfires cause damage to vegetation cover and hinder ecological restoration and/or natural regeneration processes. Therefore, this study aimed to identify - with the aid of Geographic Information Systems - the temporal and spatial likelihood of fire occurrences in spring recharge areas undergoing ecological restoration and contributing to hydroelectric reservoirs in southern Minas Gerais, Brazil. The findings indicated that the months with the highest probability of wildfire occurrences were August and September (accounting for 66% of cases), requiring increased attention to prevention efforts. Furthermore, locations most susceptible to fires (steeper slopes, more flammable vegetation, and higher anthropogenic use) should be treated as priorities for both prevention and ecological restoration actions.<br/>Keywords: Fire ecology; Recovery of degraded areas; Forest hydrology. |
| 520 ## - NOTA DE RESUMO | |
| Nota de conteúdo | RESUMO – A perda parcial ou total da cobertura vegetal desencadeia um aumento do escoamento superficial, erosão e assoreamento de corpos hídricos, entre eles os reservatórios para a geração de energia hidroelétrica, reduzindo sua expectativa de vida útil. Para tentar controlar ou corrigir este problema, intervenções de restauração ecológica devem priorizar a recuperação de áreas mais frágeis a estes processos, como as nascentes. Por outro lado, a ocorrência de incêndios promove danos à cobertura vegetal e inibem os processos de restauração ecológica e/ou regeneração natural. Desta forma, o objetivo deste estudo foi identificar - com o auxílio de Sistemas de Informações Geográficas - a época mais provável e os locais mais susceptíveis aos incêndios, em áreas de recarga de nascentes<br/>sob processo de restauração ecológica e que são contribuintes de reservatórios hidroelétricos no sul de Minas Gerais, Brasil. Os resultados demonstraram que os meses de maior probabilidade de ocorrências de incêndios florestais foram agosto e setembro (66% dos casos), o que exigirá maior atenção quando das ações de prevenção. Bem assim, que os locais mais susceptíveis à ocorrência de<br/>incêndios (maior inclinação, vegetação mais inflamável e maior uso antrópico) necessitarão ser tratados como prioritários, tanto para ações de prevenção quanto de restauração ecológica. Palavras-Chave: Ecologia do fogo; Recuperação de áreas degradadas; Hidrologia florestal. |
| 650 ## - ASSUNTO - THESAGRO | |
| Cabeçalho tópico ou nome geográfico | RESERVATÓRIO DE ÁGUA |
| 650 ## - ASSUNTO - THESAGRO | |
| Cabeçalho tópico ou nome geográfico | USINA HIDROELÉTRICA |
| 650 ## - ASSUNTO - THESAGRO | |
| Cabeçalho tópico ou nome geográfico | NASCENTE DE ÁGUAS |
| 650 ## - ASSUNTO - THESAGRO | |
| Cabeçalho tópico ou nome geográfico | DEGRADAÇÃO AMBIENTAL |
| 650 ## - ASSUNTO - THESAGRO | |
| Cabeçalho tópico ou nome geográfico | COBERTURA VEGETAL |
| 650 ## - ASSUNTO - THESAGRO | |
| Cabeçalho tópico ou nome geográfico | FLORESTA |
| 650 ## - ASSUNTO - THESAGRO | |
| Cabeçalho tópico ou nome geográfico | INCÊNDIO FLORESTAL |
| 650 ## - ASSUNTO - THESAGRO | |
| Cabeçalho tópico ou nome geográfico | PROTEÇÃO FLORESTAL |
| 650 ## - ASSUNTO - THESAGRO | |
| Cabeçalho tópico ou nome geográfico | SUL DE MINAS GERAIS |
| 773 0# - ENTRADA ANALÍTICA | |
| Host Biblionumber | 812 |
| Registro do item | 346931 |
| Imprenta | Viçosa-MG Sociedade de Investigações Florestais - Universidade Federal de Viçosa. Depto. de Engenharia Florestal 1977 |
| Outro identificador | 2024-7729 |
| Título | Revista Árvore (Brazil) |
| ISSN | 0100-6762 |
| Colação | v. 48 p. 1-11; (2024) |
| Número de controle de registro | BR2025003822 |
| 856 ## - ACESSO E ENDEREÇO ELETRÔNICO | |
| Identificador uniforme de recurso - URI | https://www.scielo.br/j/rarv/a/DXNmK9RcCyRBy49kMwfF83h/?format=pdf&lang=en |
Nenhum exemplar disponível.

BINAGRI